000 00817cab a2200325 4500
001 ABS50834
008 090401t1994 xxu||||| |||| 00| 0 eng d
035 _a(Sirsi) u66024
041 _aeng
245 _aEstates Times survey: Bedfordshire & Buckinghamshire
260 _c1994
350 _a0
490 _aEstates Times
_v(1240) 24 June 1994, 11-28(18)
650 _aAMERSHAM
650 _aAYLESBURY
650 _aBEDFORD
650 _aBEDFORDSHIRE
650 _aBUCKINGHAM
650 _aBUCKINGHAMSHIRE
650 _aCHESHAM
650 _aDUNSTABLE
650 _aHIGH WYCOMBE
650 _aLEIGHTON BUZZARD
650 _aLUTON
650 _aMARLOW
650 _aMILTON KEYNES
690 _aPROPERTY-COMMERCIAL PROPERTY-COMMERCIAL PROPERTY MARKET
942 _n0
948 _c04/03/1997
999 _c41259
_d41259